00750cam a2200229 a 450000100060000000300090000600500170001500800410003202000180007304000280009108200200011910000220013924501230016125000120028426000370029630000250033350400510035865000150040965000270042465000420045170000270049314434BD-DhUAP20200218094939.0200218s2015 bg b 001 0 eng  a9789849067184 aDLCcDLCbEngdBD-DhUAP 223a363.325 HAL1 aHalim, Md. Abdul.10aTerrorism and Counter-Terrorism :blegal issues, challenges and responses /cMd. Abdul Halim and Farhana Helal Mehtab. a1st ed. aDhaka :bCCB foundation,cc2015. a364 pages ;c23 cm. aIncludes bibliographical references and index. aTerrorism. aTerrorismxPrevention. aTerrorismxMoral and ethical aspects. aMehtab, Farhana Helal.